000 00479nam a2200181Ia 4500
005 20250508160457.0
008 008 250505s9999 xx 000 0 eng d
037 _aTextual
040 _aFEDL
_beng
_cFEDL
041 _aeng
_2eng
084 _a364.3, WES
_qFEDL
100 _aWest D. J.
245 0 _aYoung offender
260 _aLondon, UK
_bGeorge Duckworth and Co. Ltd.
_c1967
300 _a329p
942 _cTEXL
_h364.3, WES
999 _c1364854
_d1364854